1742 1910 1800 1324 1552 1344 1946 1626 1873 1627 1959 1555 1946 1668 1693 1556 1233 1852 1526 1399 1574 1643 1300 1708 1074 1839 1178 1020 1219 1466 1572 1346 1487 1838 1374 1091 1980 1468 1003 1453 1511 1111 1686 1813 1821 1817 1300 1198 1360 1800 1272 1683 1626 1532 1328 1707 1277 1528 1952 1868 1620 1165 1846 1708 1399 1941 1398 1923 1774 1653 1440 1941 1178 1679 1811 1902 1231 1351 1430 1283 1566 1500 1847 1989 1878 1722 1000 1033 1132 1307 1260 1374 1275 1568 1783 1534 1073 1313 1457 BCNSPRNW ULIB Ver.6.0+V

เปลี่ยนเป็นภาษาไทย

Change to English
 แสดงรายละเอียดบรรณานุกรม
  กลับหน้าหลัก

Brief Record : Get Marc (ISO 2709) : E-mail record : QR code < ปิดหน้าต่าง
LEADER : 00000nam 2200000uu 4500
001    13399112319
003     ULIB
008    110627s||||||||th 000 0 tha d
020    9786160603626
090    นว.^bJ111T มปป.
100 0  Just Nightmare
245 00 The Puzzle one...คดี(ไม่)ลับฉบับนางมาร/^cJust Nightmare
260    กรุงเทพฯ :^bแจ่มใส,^cมปป.
300    199 หน้า
710 1  แจ่มใส
945    ^p149^l0^i030403
995    ทศพร
999 ^a ใช้งานได้ทุกระบบ
รายการนี้ยังไม่มีแท็ก
คุณยังไม่ได้ล็อกอิน คุณสามารถมีกิจกรรมร่วมกับเว็บไซต์ได้ แต่ต้องล็อกอินก่อน ::
  ล็อกอิน

รายการสื่อสารสนเทศ

ลำดับที่ ประเภท เลขเรียก/บาร์โค้ด สถานที่ สถานะ
- ไม่พบข้อมูล -

BibComment


ยังไม่เคยถูกคอมเมนท์

คอมเมนท์ทรัพยากรรายการนี้
  คอมเมนท์: The Puzzle oneคดี..


 Copyright 2026. Bcnsprnw @Library